Statistics for NFL Quarterbacks by team 15-16

Click here to take the quiz!

General Stats

  • This quiz has been taken 82 times
    (56 since last reset)
  • The average score is 21 of 32

Answer Stats

Team QB % Correct
49ersColin Kaepernick
86%
SteelersBen Roethlisberger
78%
GiantsEli Manning
75%
BroncosPeyton Manning
75%
FalconsMatt Ryan
75%
PanthersCam Newton
75%
PackersAaron Rodgers
75%
PatriotsTom Brady
75%
ColtsAndrew Luck
73%
SaintsDrew Brees
73%
RavensJoe Flacco
71%
BengalsAndy Dalton
71%
CowboysTony Romo
69%
ChiefsAlex Smith
69%
RedskinsKirk Cousins
69%
SeahawksRussell Wilson
69%
BearsJay Cutler
69%
JaguarsBlake Bortles
67%
CardinalsCarson Palmer
67%
ChargersPhilip Rivers
65%
RaidersDerek Carr
65%
TitansMarcus Mariota
65%
DolphinsRyan Tannehill
63%
BuccaneersJameis Winston
63%
BillsTyrod Taylor
63%
EaglesSam Bradford
61%
RamsNick Foles
61%
VikingsTeddy Bridgewater
61%
JetsRyan Fitzpatrick
53%
LionsMatthew Stafford
47%
TexansBrian Hoyer
41%
BrownsJosh McCown
39%

Score Distribution

Percentile by Number Answered

Percent of People with Each Score

Your Score History

You have not taken this quiz since the last reset